00862cam a2200253 a 4500999001500000001000600015003000900021005001700030008004100047020001800088040003800106082001800144100002700162245007500189260005500264300002400319490002800343504005100371650001900422650002000441700001900461942001200480952011600492 c3949d394918467BD-DhUAP20200315162115.0200315s20061992bg abf b f000 0 eng  a9780140585049 aBD-DhUAPcBD-DhUAPdBD-DhUAPbEng a821.7 SHE223 aShelley, Percy Bysshe. aShelley : bpoems /cPercy Bysshe Shelley ; selected by Isabel Quigly. aLondon ; Harmondsworth : bPenguin Books, cc1956. a320 pages ;c20 cm. aPenguin Poetry Library. aIncludes bibliographical references and index. aEnglish poetry aPoets, English. aQuigly, Isabel 2ddccBK 00102ddc4070aUAPCLbUAPCLcGeneral Stacksd2020-03-15o821.7 SHEp3010018467r2020-03-15t1w2020-03-15yBK